000 00311nam a22001457a 4500
008 210527b ||||| |||| 00| 0 eng d
020 _a9780312245979
041 _aeng
080 _25th
_a94
082 _a94
100 _a16
101 _aSHH
245 _aAmerica Firsthand
_cMarcus,R.D
942 _2udc
_cBK
999 _c57692
_d57692